[Event "Teeside"]
[Site "Teeside"]
[Date "1975.??.??"]
[Round "2"]
[White "Hartston, William R"]
[Black "Timman, Jan H"]
[Result "1/2-1/2"]
[WhiteElo "2475"]
[BlackElo "2510"]

1.e4 e6 2.d4 d5 3.Nc3 Bb4 4.e5 b6 5.Bd2 Qd7 6.Nf3 c6 7.Be2 Ba6 8.O-O Ne7
9.Bxa6 Nxa6 10.Ne2 Bxd2 11.Qxd2 c5 12.Ng3 h5 13.Qg5 g6 14.Rfd1 O-O-O 15.dxc5 Nxc5
16.a4 Nxa4 17.Rxa4 Qxa4 18.Qxe7 Qxc2 19.Rd2 Qc1+ 20.Nf1 Rd7 21.Qa3 Kb8 22.Rd3 Rc8
23.Rc3 Rxc3 24.Qxc3 Rc7 25.Qb4 Kb7 26.h4 Qd1 27.b3 a5 28.Qb5 Rc5 29.Qd7+ Rc7
30.Qb5 Rc5 31.Qd7+ Ka6 32.Nd2 Rc2 33.b4 axb4 34.Qa4+ Kb7 35.Qxb4 Qg4 36.Qxg4 hxg4
37.Kh2 Rc3 38.f3 gxf3 39.g4 b5 40.h5 gxh5 41.gxh5 b4 42.Kg3 b3 43.Nxf3 b2
44.Nd2 Rc1 45.h6 Rh1 46.Nh2 Rg1+ 47.Kh3 Rd1 48.Nhf3 Rh1+ 49.Nh2 Rc1 50.h7 Rc8
51.Nhf3 Rh8 52.Ng5 Kc6 53.Kg4 Kd7 54.Kh5 Ke7 55.Kh6 f6 56.Ngf3 Kf7 57.exf6 Kxf6
58.Ne1 Rc8  1/2-1/2